LEADER 01280nam a2200289 4500 001 000000357633 003 CaOOAMICUS 005 20240318140109.0 008 240318s2011 it 000 u ita r 020 $a978-88-95565-49-1 040 $aSeMil$bita 100 1 $aDe Feo, Pierfrancesco,$d<1975- >.$0(OLS)http://semarc/name/32843 245 10$aDio esiste? :$bSuggerimenti e riflessioni per liberarsi dall'ateismo /$cPierfrancesco De Feo e Saul Finucci. 264 1$aMorolo (FR) :$bIF Press,$c2011. 300 $a120 p. ;$c21 cm 490 1 $aEssay research series ;$v7 650 4$aAteismo.$0(OLS)http://semarc/subject/2022 650 4$aDio - Esistenza.$0(OLS)http://semarc/subject/4187 700 1 $aFinucci, Saul.$0(OLS)http://semarc/name/119384 830 0$aEssay research series ;$v7.$0(OLS)http://semarc/title/419159 850 $aSeMil 852 $aSeMil$W1$xVenegono$y1$m2B I 61$j246951$B248808$CSeMilBibl$Z2$F248808 $81 961 $aBrambilla don Paolo - Omaggio 996 $6020$a978-88-95565-49-1$9(OLS)http://semarc/number/300001 996 $6245$aDio esiste? :$bSuggerimenti e riflessioni per liberarsi dall'ateismo$9(OLS)http://semarc/title/447894 996 $6264$aMorolo (FR) :$bIF Press$9(OLS)http://semarc/publisher/53163 LEADER 01256nam a2200301 i 4500 001 000000106273 003 CaOOAMICUS 005 20260129101850.0 008 100521s1999 it u000 u ita u 013 $a78467 020 $a88-16-30350-6 040 $aSeMil$bita 100 1 $aNewman, John Henry,$c.$0(OLS)http://semarc/name/1226 245 13$aLa coscienza /$cJohn H. Newman ; saggio introduttivo, traduzione e note di Giovanni Velocci. 260 $aMilano :$bJaca Book,$c1999. 300 $a153 p. ;$c23 cm. 490 0 $aGià e non ancora [Jaca Book] ;$v350 650 4$aCoscienza.$0(OLS)http://semarc/subject/441 700 1 $aVelocci, Giovanni.$0(OLS)http://semarc/name/16643 830 0$aGià e non ancora ;$v350.$0(OLS)http://semarc/title/5902 830 0$aJohn Henry Newman Opere.$0(OLS)http://semarc/title/457893 850 $aSeMil 852 $aSeMil$W1$xVenegono$y1$m2LA Y 9$j266777$B62412$CSeMilBibl$Z2$F71666 $81 961 $aSottoscrizione: Jaca Book (Agente) 996 $6020$a88-16-30350-6$9(OLS)http://semarc/number/79992 996 $6245$aLa coscienza$9(OLS)http://semarc/title/69806 996 $6260$aMilano :$bJaca Book$9(OLS)http://semarc/publisher/29781